• 首页
  • 本馆介绍
  • 公告通知
  • 最新文献
  • 馆藏检索
  • 电子资源
  • 读者导购
  • 参考咨询
  • 我的图书馆
  • 登录
  • 详细信息显示
  • 放入我的书架
  • 预约/预借图书
  • 作者相关作品
  • 分类相关作品
  • 丛书相关作品
  • 出版社相关作品

书目信息

  • 表格格式
  • 工作单格式
  • 卡片格式
题名:
论语结
    
 
作者: 於春 著
分册:  
出版信息: 北京   中国经济出版社  2006
页数: 23,361页
开本: 21cm
丛书名: 语言与传播丛书
单 册:
中图分类: H04
科图分类:
主题词: 语言结构--研究 , 语言结构 , 语法学
电子资源:
ISBN: 7-5017-0965-3
000 00795oam2 2200265 450
001 010700016700
005 20061030094214.93
010    @a7-5017-0965-3@dCNY32.00
100    @a20060210d2006 em y0chiy0110 ea
101 0  @achi
102    @aCN@b110000
105    @ay z 000yy
200 1  @a论语结@9lun yu jie@e有效提高语言实践能力@f於春著
210    @a北京@c中国经济出版社@d2006
215    @a23,361页@d21cm
225 2  @a语言与传播丛书@v28
330    @a本书内容包括;绪论、语结是什么、语结的作用、语结的类型、语结的孕育、语结的回归、语结应用与语言实践、结论。
461  0 @12001 @a语言与传播丛书@v28
606 0  @a语言结构@x研究
606 0  @a语言结构
606 0  @a语法学
690    @aH04@v3
701  0 @a於春@9wu chun@4著
801  0 @aCN@bRENTIAN@c20061030
905    @a10447@dH04@e51
    
    论语结:有效提高语言实践能力/於春著.-北京:中国经济出版社,2006
    23,361页;21cm.-(语言与传播丛书;28)
    
    
    ISBN 7-5017-0965-3:CNY32.00
    本书内容包括;绪论、语结是什么、语结的作用、语结的类型、语结的孕育、语结的回归、语结应用与语言实践、结论。
●
相关链接 在E读中查询图书 在五车中查询图书 在当当中查询图书 在豆瓣中查询图书


正题名:论语结     索取号:H04/51         预约/预借

序号 登录号 条形码 馆藏地/架位号 状态 备注
1 0387952   203879525   第二样本阅览室/ [索取号:H04/51] 在馆    
2 0387953   203879534   第四借阅区/ [索取号:H04/51] 在馆    
3 0387954   203879543   第四借阅区/ [索取号:H04/51] 在馆    
4 0387955   203879552   第四借阅区/ [索取号:H04/51] 在馆    
5 0387956   203879561   第四借阅区/ [索取号:H04/51] 在馆    
唐山师范学院图书馆 欢迎您!
大连网信软件有限公司© 版权所有